Statistics for Literature by Letter - G

Click here to take the quiz!

General Stats

  • This quiz has been taken 11,641 times
    (11,618 since last reset)
  • The average score is 12 of 20

Answer Stats

HintAnswer% Correct
German brothers who collected many famous fairy talesGrimm
97%
Fitzgerald novel about a playboy in the roaring '20sGreat Gatsby, The
93%
Book about a Southern belle named Scarlett O'HaraGone with the Wind
85%
Harry Potter book that featured the Triwizard TournamentGoblet of Fire
80%
Theatre in London where Shakespeare performedGlobe, The
79%
Would you like this Dr. Seuss food in a house, or with a mouse?Green Eggs and Ham
69%
He defeated the Balrog in "The Lord of the Rings"Gandalf
67%
First book of George R.R. Martin's fantasy series "A Song of Ice and Fire"Game of Thrones, A
66%
First name of female authors Sand and EliotGeorge
65%
Samuel Beckett wrote a play about waiting for this guy. (Spoiler alert: he never shows up)Godot
61%
Novel about the migration of the Joad family from Oklahoma to CaliforniaGrapes of Wrath, The
59%
Everlasting candy in Willy Wonka's chocolate factoryGobstoppers
58%
Farm on Prince Edward Island where Anne Shirley was adoptedGreen Gables
55%
Monster slain by BeowulfGrendel
52%
Author of many legal thrillers such as "The Pelican Brief"John Grisham
52%
Rosencrantz's partner in "Hamlet"Guildenstern
49%
Classic picture book where a bunny says goodnight to a bowl of mush, among other thingsGoodnight Moon
42%
Award-winning author of "American Gods" and "Coraline"Neil Gaiman
31%
Pearl S. Buck won the Nobel Prize for Literature mainly for this novel about a Chinese villageGood Earth, The
22%
German writer of the "The Danzig Trilogy"Günter Grass
16%

Score Distribution

Percentile by Number Answered

Percent of People with Each Score

Your Score History

You have not taken this quiz since the last reset